000 01128nac a22003617a 4500
001 BR0700491
003 BR-BrBNA
005 20240105123345.0
008 230509b bl.|||m| |||| 00| 0 por d
040 _aBR-BrBNA
_bpor
_cBiblioteca Nacional de Agricultura
072 _aE16
090 _a9410 BR0700491
100 1 _aAmaral, R.
100 1 _aRuas, J.R.M.
100 1 _aMarcatti Neto, A.
100 1 _aMenezes, A. de C.
100 1 _aFerreira, J.J.
100 1 _aChagas, G.F.
110 1 _aEmpresa de Pesquisa Agropecuária de Minas Gerais, Belo Horizonte (Brasil)
245 1 _aSistema de produção de leite em pasto com vacas F1 HZ
260 3 _aBelo Horizonte, MG (Brasil):
_c2005.
300 _a32 p.
490 _aBoletim Técnico - Empresa de Pesquisa Agropecuária de Minas Gerais (Brazil)
_vno. 78
_xISSN 00-062X
650 _aGADO LEITEIRO
650 _aLEITE
650 _aSISTEMA DE PRODUÇÃO
650 _aQUALIDADE
650 _aPREÇO
650 _aECONOMIA DA PRODUÇÃO
650 _aCADEIA PRODUTIVA
909 _a202312
_bLúcia Elande
_c55
_dLúcia Elande
942 _2AGRIS
_n0
_cMS
999 _c295101
_d295101